[Event "Valencia Region-ch Preferente"]
[Site "Valencia"]
[Date "2015.10.03"]
[Round "1.2"]
[White "Lopez Diaz, Rafael"]
[Black "Herrero Cecin, Francisco Javier"]
[Result "1-0"]
[WhiteElo "1826"]
[BlackElo "2036"]
[PlyCount "39"]
[EventDate "2015.10.03"]
[EventType "swiss"]
[EventRounds "7"]
[EventCountry "ESP"]
[SourceTitle "EXT 2024"]
[Source "ChessBase"]
[SourceDate "2023.10.10"]
[SourceVersion "1"]
[SourceVersionDate "2023.10.10"]
[SourceQuality "1"]

1. e4 c5 2. Nf3 d6 3. d4 cxd4 4. Nxd4 Nf6 5. Nc3 g6 6. Be2 Bg7 7. 0-0 0-0 8. Be3 Nc6 9. Qd2 Bd7 10. h3 Re8 11. Rad1 Qa5 12. Nb3 Qc7 13. g4 Be6 14. f4 Bxb3 15. cxb3 a6 16. g5 Nd7 17. Nd5 Qd8 18. Bg4 Nc5 19. Qg2 Rc8 20. Bxc5 1-0

[Event "Valencia Autonomico Norte-A"]
[Site "Valencia"]
[Date "2009.02.07"]
[Round "5.8"]
[White "Herrero Cecin, Francisco Javier"]
[Black "Vidal Moscardo, Blas"]
[Result "1-0"]
[WhiteElo "2042"]
[BlackElo "1886"]
[PlyCount "86"]
[EventDate "2009.01.10"]
[EventType "team-tourn"]
[EventRounds "5"]
[EventCountry "ESP"]
[SourceTitle "EXT 2011"]
[Source "ChessBase"]
[SourceDate "2010.11.26"]
[SourceVersion "1"]
[SourceVersionDate "2010.11.26"]
[SourceQuality "1"]

1. e4 e6 2. d3 d5 3. Nd2 Nf6 4. Ngf3 c5 5. g3 Nc6 6. Bg2 dxe4 7. dxe4 Be7 8. 0-0 0-0 9. Re1 e5 10. c3 Qc7 11. Qc2 h6 12. Nf1 Be6 13. Be3 Rad8 14. Rad1 Bg4 15. Bc1 Be6 16. Ne3 Na5 17. c4 Nc6 18. Nd5 Bxd5 19. exd5 Nd4 20. Nxd4 cxd4 21. Qf5 Nd7 22. b3 b6 23. Bf4 Bf6 24. Bc1 Qd6 25. h4 g6 26. Qg4 h5 27. Qe2 Bg7 28. Qc2 f5 29. Bb2 Rc8 30. Qd2 Rce8 31. a3 Rf7 32. Qb4 Qxb4 33. axb4 Ref8 34. f4 exf4 35. gxf4 Bh6 36. Bxd4 Bxf4 37. Re6 Kh7 38. c5 Nf6 39. d6 Ne4 40. Bxe4 fxe4 41. c6 Bg3 42. d7 Bxh4 43. Rxe4 Bg3 1-0

[Event "Valencia Autonomico Norte-B"]
[Site "Valencia"]
[Date "2009.01.31"]
[Round "4.2"]
[White "Herrero Cecin, Francisco Javier"]
[Black "Montoliu Cervero, Francisco"]
[Result "0-1"]
[WhiteElo "2042"]
[BlackElo "1977"]
[PlyCount "56"]
[EventDate "2009.01.10"]
[EventType "team-tourn"]
[EventRounds "5"]
[EventCountry "ESP"]
[SourceTitle "EXT 2011"]
[Source "ChessBase"]
[SourceDate "2010.11.26"]
[SourceVersion "1"]
[SourceVersionDate "2010.11.26"]
[SourceQuality "1"]

1. d4 d5 2. Nf3 Nf6 3. Bg5 e6 4. Nbd2 Be7 5. e3 0-0 6. Bd3 Nbd7 7. c3 b6 8. Ne5 Bb7 9. Qc2 h6 10. h4 Nxe5 11. dxe5 Nd7 12. Bf4 f6 13. Nf3 fxe5 14. Nxe5 Nxe5 15. Bxe5 Bf6 16. Bg3 e5 17. 0-0-0 Qe7 18. Qe2 c5 19. Bf5 a5 20. Qg4 Rfe8 21. e4 d4 22. c4 Bc8 23. a4 Qf7 24. b3 Bxf5 25. Qxf5 b5 26. axb5 a4 27. Kb2 axb3 28. Kxb3 Reb8 0-1

[Event "Valencia Autonomico Norte-B"]
[Site "Valencia"]
[Date "2009.01.10"]
[Round "1.2"]
[White "Redondo Flores, David"]
[Black "Herrero Cecin, Francisco Javier"]
[Result "0-1"]
[WhiteElo "2008"]
[BlackElo "2042"]
[PlyCount "74"]
[EventDate "2009.01.10"]
[EventType "team-tourn"]
[EventRounds "5"]
[EventCountry "ESP"]
[SourceTitle "EXT 2011"]
[Source "ChessBase"]
[SourceDate "2010.11.26"]
[SourceVersion "1"]
[SourceVersionDate "2010.11.26"]
[SourceQuality "1"]

1. e4 e6 2. d4 d5 3. Nc3 Bb4 4. e5 c5 5. a3 Bxc3+ 6. bxc3 Ne7 7. Qg4 Qc7 8. Qxg7 Rg8 9. Qxh7 cxd4 10. Ne2 Nbc6 11. f4 dxc3 12. Be3 Bd7 13. Qd3 0-0-0 14. Nxc3 a6 15. Rb1 d4 16. Ne4 Nf5 17. Bd2 Nxe5 18. Qxa6 Bc6 19. Qa8+ Qb8 20. Qxb8+ Kxb8 21. Ng5 Ng4 22. Nxf7 Rc8 23. Ng5 e5 24. Bc4 Rg6 25. h4 exf4 26. Bxf4+ Ka7 27. h5 Rf6 28. Ne6 Rxe6+ 29. Bxe6 Re8 30. 0-0 Rxe6 31. Bc7 Re2 32. Rxf5 Rxg2+ 33. Kf1 Ne3+ 34. Ke1 Nxf5 35. Rb4 Ne3 36. Rb3 Bf3 37. Rxe3 dxe3 0-1